|
|
|
|
| LEADER |
00838nam a2200301 4500 |
| 001 |
DLU160177666 |
| 005 |
##20161110 |
| 040 |
# |
# |
|a DLU
|b vie
|
| 041 |
# |
# |
|a vie
|
| 044 |
# |
# |
|a vn
|
| 082 |
# |
# |
|a 519.72
|b LE-L
|
| 100 |
# |
# |
|a Lê Minh Lưu.
|
| 245 |
# |
# |
|a Bài toán tối ưu có tham số và ứng dụng :
|b Đề tài khoa học và công nghệ cấp bộ /
|c Lê Minh Lưu.
|
| 260 |
# |
# |
|a Đà Lạt :
|b Trường Đại học Đà lạt,
|c 2015.
|
| 300 |
# |
# |
|a 62 tr. :
|b minh hoạ ;
|c 29 cm.
|
| 504 |
# |
# |
|a Tài liệu tham khảo: tr.55.
|
| 650 |
# |
# |
|a Tối ưu hoá toán học.
|
| 700 |
# |
# |
|a ,
|c TS.
|e hướng dẫn.
|
| 992 |
# |
# |
|a 0
|
| 994 |
# |
# |
|a DLU
|
| 998 |
# |
# |
|a LA
|
| 900 |
# |
# |
|a True
|
| 911 |
# |
# |
|a Đào Thị Thu Huyền
|
| 925 |
# |
# |
|a G
|
| 926 |
# |
# |
|a A
|
| 927 |
# |
# |
|a SH
|
| 980 |
# |
# |
|a Thư viện Trường Đại học Đà Lạt
|